| 000 | 00912nam a2200217 a 4500 | ||
|---|---|---|---|
| 003 | 0 | ||
| 005 | 20250410111526.0 | ||
| 008 | 970101s19uu xx 00 eng d | ||
| 050 |
_aPGS HQ 759.92 _b.T856 2004 |
||
| 100 | _aTropezado, Jaime. | ||
| 245 |
_aThe effects of living with single / solo parents on grade school, high school and college students in Manila, SY 2003-2004 / _cJaime Tropezado. |
||
| 260 |
_aLas PiƱas City, Philippines : _bSouthville International School and Colleges, _c2004. |
||
| 300 |
_a33 pages : _billustrations ; _c28 cm. |
||
| 504 | _aIncludes bibliographical references. | ||
| 650 |
_aSingle-parent families _zPhilippines. |
||
| 650 |
_aSingle-parent families _vPsychological aspects. |
||
| 650 |
_aChildren of single parents _zPsychological aspects. |
||
| 650 |
_aStudents _vSocial conditions _zPhilippines. |
||
| 650 |
_aParenting _vPsychological aspects. |
||
| 942 |
_2lcc _cPASS |
||
| 999 |
_c97064 _d97064 |
||